Statistiques concernant harry potter: nom de famille

Cliquez ici pour prendre le quiz!

Statistiques générales

  • Ce quiz a été pris 2 378 fois
  • Le résultat moyen est 16 sur 17

Statistiques - réponses

prénoms noms% Correct
HermioneGranger
100%
HarryPotter
100%
Sirius Black
99%
Bellatrix Lestrange
99%
SeverusRogue
99%
Ron Weasley
99%
AlbusDumbledore
98%
LunaLovegood
98%
Minerva Mcgonagall
97%
Salazar Serpentard
97%
Dudley Dursley
96%
Drago Malefoy
96%
Helga Poufsouffle
96%
Rowena Serdaigle
96%
Cedric Diggory
95%
GodricGryffondor
95%
LilyEvans
83%

Distribution des résultats

Percentile par nombre de réponses

% des personnes avec chaque résultat

Votre développement - résultats

Vous n’avez pas pris ce quiz